000 00424nam a2200145Ia 4500
008 100122s9999 xx 000 0 und d
082 _b27175
_a823
100 _aरांजणकर यशवंत
245 _aचण्डिमठ
260 _bविश्वमोहिनी प्रकाशन
_c1978
300 _a172
630 _aचण्डिमठ
730 _aचण्डिमठ
942 _cBOOK
999 _c413316
_d413313